LEADER 00984nam a2200253 a 4500 001 991000337089707536 008 020 $a9780631228165 035 $ab14456825-39ule_inst 040 $aBibl. Dip.le Aggr. Scienze Giuridiche - Sez. Studi Giuridici$bita 082 0 $a791.43 245 10$aLaw and film / $cedited by Stefan Machura and Peter Robson 260 $aOxford ; $a Malden, MA : $b Blackwell, $c 2001 300 $a176 p. ; $c 23 cm. 500 $aVolume pubblicato anche in Journal of Law and Society, v. 28, n. 1 650 4$aAmministrazione della giustizia$xCinema 700 $aMachura, Stefan 700 1 $aRobson, Peter 907 $a.b14456825$b23-05-22$c23-05-22 912 $a991000337089707536 945 $aLE027 791.43 MAC01.01$g1$i2027000377541$lle027$op$pE28.49$q-$rl$s- $t0$u0$v0$w0$x0$y.i16030060$z23-05-22 996 $aLaw and film$92856474 997 $aUNISALENTO 998 $ale027$b - - $cm$da $e-$feng$gus $h0$i0 LEADER 01332nam0 22003011i 450 001 UON00428905 005 20231205104858.847 100 $a20130711g18301834 |0itac50 ba 101 $agrc$aLAT 102 $aDE 140 $a||||||||| ||||||||| 200 1 $aHerodoti Musae / textum ad Gaisfordii editionem recognovit, perpetua tum Fr. Creuzeri tum sua annotatione instruxit, commentationem de vita et scriptis Herodoti, tabulas geographicas indicesque adiecit Io. Christ. Fel. Baehr 205 $aLipsiae : in bibliopolio Hahniano$gLondini : apud Black$b1830-1835 210 $r4 v. ; 21 cm 215 $aPosseduti il primo e il terzo volume. 620 $aDE$dLeipzig$3UONL003218 700 0$aHerodotus$3UONV056384$0162857 702 1$aBAEHR$bJohann Christian Felix$3UONV217669 712 $aHahn$3UONV262280$4650 790 0$aERODOTO $zHerodotus$3UONV056385 790 0$aHERODOTUS $zHerodotus$3UONV056386 790 0$aERODOTO$zHerodotus$3UONV140994 801 $aIT$bSOL$c20250404$gRICA 899 $aSIBA - SISTEMA BIBLIOTECARIO DI ATENEO$2UONSI 912 $aUON00428905 950 $aSIBA - SISTEMA BIBLIOTECARIO DI ATENEO$dSI A XIX 0090 $eSI MR 4789 7 0090 $sBuono 996 $aHistoriae$913738 997 $aUNIOR